Normal view
MARC view
- Hotze, Henry,
Entry Personal Name
001 - CONTROL NUMBER
- control field: 254267
003 - CONTROL NUMBER IDENTIFIER
- control field: KE-NaSUL
005 - DATE AND TIME OF LATEST TRANSACTION
- control field: 20250827011051.0
008 - FIXED-LENGTH DATA ELEMENTS
- fixed length control field: 250827|| aca||aabn | a|a d
040 ## - CATALOGING SOURCE
- Original cataloging agency: KE-NaSUL
- Transcribing agency: KE-NaSUL
100 ## - HEADING--PERSONAL NAME
- Personal name: Hotze, Henry,
- Dates associated with a name: 1833-1887
670 ## - SOURCE DATA FOUND
- Source citation: Work cat.: (KE-NaSUL)249295: Hotze, Henry, 1833-1887., Henry Hotze, Confederate propagandist, c2008.